U.S. States Closest to Los Angeles - Statistics

General Stats
  • This quiz has been taken 80 times
  • The average score is 9 of 10
Answer Stats
Distances U.S. State % Correct
189 Nevada
99%
207 Arizona
97%
525.7 New Mexico
96%
548.8 Oregon
96%
686.9 Texas
93%
311.4 Utah
93%
555.5 Colorado
89%
553 Idaho
81%
767.8 Montana
73%
620.6 Wyoming
73%
No matching quizzes found
Score Distribution
Percent of People with Each Score
Percentile by Number Answered
Your Score History
You have not taken this quiz